Normal view
MARC view
Entry Personal Name
001 - CONTROL NUMBER
- control field: 49501
003 - CONTROL NUMBER IDENTIFIER
- control field: dpl
005 - DATE AND TIME OF LATEST TRANSACTION
- control field: 20120625125420.0
008 - FIXED-LENGTH DATA ELEMENTS
- fixed length control field: 120625|||a|||||| | ||| d
040 ## - CATALOGING SOURCE
- Original cataloging agency: dpl
- Transcribing agency: dpl
100 ## - HEADING--PERSONAL NAME
- Personal name: Collinson , Diane
670 ## - SOURCE DATA FOUND
- Source citation: Work cat.: (dpl)68123: Collinson , Diane, Fifty Great Philosphers ; A Reference Guide /, 2002
670 ## - SOURCE DATA FOUND
- Source citation: Work cat.: (dpl)68123: Collinson , Diane, Fifty Great Philosphers ; A Reference Guide /, 2002
